| 000 | 00000nam##2200000za#4500 |
| 001 | 9.566194 |
| 003 | CaOODSP |
| 005 | 20210929082753 |
| 007 | cr ||||||||||| |
| 008 | 150406|2009||||xxc|||||o f|0| 0 eng|d |
| 020 | |a978-1-100-13141-2 |
| 040 | |aCaOODSP|beng |
| 043 | |an-cn--- |
| 086 | 1 |aFo143-3/2009-5E-PDF |
| 110 | 1 |aCanada. |bNatural Resources Canada. |bCanadian Forest Service. |
| 245 | 10|aHydrologic effects of mountain pine beetle infestation and salvage harvesting operations / |h[electronic resource]|c[by] John Rex and Stéphane Dubé. |
| 260 | |aVictoria - British Columbia : |bNatural Resources Canada. |c2009. |
| 300 | |a50p.|bgraphs, map, references, tables |
| 490 | 1 |aMountain Pine Beetle working paper|v2009-05 |
| 500 | |a"MPBI Project #8.26" |
| 546 | |a(Résumé en français) |
| 590 | |a12-25-Supp|b2012-06-04 |
| 690 | 07|aHydrology|2gcpds |
| 690 | 07|aPests|2gcpds |
| 690 | 07|aForests|2gcpds |
| 720 | 1 |aRex, John |
| 720 | 1 |aDubé, Stéphane |
| 776 | 0#|tHydrologic effects of mountain pine beetle infestation and salvage-harvesting operations / |w(CaOODSP)9.619374 |
| 830 | #0|aMountain Pine Beetle working paper ;|v2009-05|w(CaOODSP)9.504874 |
| 856 | 40|ahttp://publications.gc.ca|qPDF|s5.09 MB|uhttps://publications.gc.ca/collections/collection_2012/rncan-nrcan/Fo143-3-2009-5-eng.pdf|y2009-05 |